1516 1069 1845 1865 1761 1835 1076 1177 1655 1978 1908 1981 1619 1136 1945 1477 1931 1781 1743 1712 1976 1398 1992 1788 1802 1217 1759 1706 1496 1091 1213 1901 1115 1919 1326 1361 1176 1353 1334 1814 1907 1846 1228 1042 1392 1165 1703 1750 1747 1677 1299 1375 1797 1643 1870 1266 1487 1441 1663 1440 1618 1661 1671 1140 1079 1490 1854 1854 1594 1781 1954 1239 1158 1155 1163 1877 1201 1102 1949 1288 1058 1406 1643 1563 1757 1700 1390 1150 1619 1371 1902 1563 1786 1975 1908 1762 1040 1879 1428 BCNSPRNW ULIB Ver.6.0+V

เปลี่ยนเป็นภาษาไทย

Change to English
 แสดงรายละเอียดบรรณานุกรม
  กลับหน้าหลัก

Brief Record : Get Marc (ISO 2709) : E-mail record : QR code < ปิดหน้าต่าง
LEADER : 00000nam 2200000uu 4500
001    13399111660
003     ULIB
008    110704s2551||||th 000 0 tha d
020    9749412591
020    9786167115146
050  4 BQ4570.S3^bศ721อ 2551
100 0  ศุภวรรณ พิพัฒพรรณวงศ์ กรีน
245 10 ไอน์สไตน์ถามพระพุทธเจ้าตอบ /^cศุภวรรณ พิพัฒพรรณวงศ์ กรีน
250    พิมพ์ครั้งที่ 9
260    กรุงเทพฯ :^bฟรีมายด์,^c2551
300    236 หน้า :^bภาพประกอบ ;^c21 ซม.
591    LIIC มีพิมพ์ครั้งที่ 1, 2549 และ พิมพ์ครั้งที่ 10, 2553
600 17 ไอน์สไตน์, อัลเบิร์ต,^d1879-1955
650  7 พุทธปรัชญา
650  7 พุทธศาสนากับวิทยาศาสตร์
945    ^p185^l0^i025098
995    ทศพร
999 ^a ใช้งานได้ทุกระบบ
รายการนี้ยังไม่มีแท็ก
คุณยังไม่ได้ล็อกอิน คุณสามารถมีกิจกรรมร่วมกับเว็บไซต์ได้ แต่ต้องล็อกอินก่อน ::
  ล็อกอิน

รายการสื่อสารสนเทศ

ลำดับที่ ประเภท เลขเรียก/บาร์โค้ด สถานที่ สถานะ
- ไม่พบข้อมูล -

รายการใกล้เคียง
    ผู้แต่ง [ศุภวรรณ พิพัฒพรรณวงศ์ กรีน]

    หัวเรื่อง [พุทธปรัชญา]
    หัวเรื่อง [พุทธศาสนากับวิทยาศาสตร์]

BibComment


ยังไม่เคยถูกคอมเมนท์

คอมเมนท์ทรัพยากรรายการนี้
  คอมเมนท์: ไอน์สไตน์ถามพระพุ..


 Copyright 2026. Bcnsprnw @Library